A never-before world : (Record no. 24279)

MARC details
000 -LEADER
fixed length control field 00589nam a22001937a 4500
020 ## - INTERNATIONAL STANDARD BOOK NUMBER
ISBN 9780143423522
041 ## - LANGUAGE CODE
Language code of text/sound track or separate title English
082 ## - DEWEY DECIMAL CLASSIFICATION NUMBER
Classification number 339.470954
Item number BIJ
100 ## - MAIN ENTRY--AUTHOR NAME
Author name Bijapurkar, Rama
245 ## - TITLE STATEMENT
Title A never-before world :
Sub Title tracking the evolution of consumer India /
Statement of responsibility, etc Rama Bijapurkar.
260 ## - PUBLICATION, DISTRIBUTION, ETC. (IMPRINT)
Place of publication Gurugram :
Name of publisher Penguin Books ,
Year of publication 2014.
300 ## - PHYSICAL DESCRIPTION
Number of Pages xiv, 360 pages ;
Dimensions 22 cm.
504 ## - BIBLIOGRAPHY, ETC. NOTE
Bibliography, etc Includes bibliographical references and index.
650 ## - SUBJECT ADDED ENTRY--TOPICAL TERM
Subject Consumer behavior
Geographic subdivision India.
650 ## - SUBJECT ADDED ENTRY--TOPICAL TERM
Subject consumer markets
650 ## - SUBJECT ADDED ENTRY--TOPICAL TERM
Subject consumption
General subdivision India
942 ## - ADDED ENTRY ELEMENTS (KOHA)
Source of classification or shelving scheme Dewey Decimal Classification
Koha item type Books
Holdings
Withdrawn status Lost status Source of classification or shelving scheme Damaged status Not for loan Home library Current library Shelving location Date acquired Source of acquisition Cost, normal purchase price Bill Date Full call number Accession Number Price effective from Koha item type
    Dewey Decimal Classification     Institute of Public Enterprise, Library Institute of Public Enterprise, Library S Campus 03/10/2026 Synergy Books India 399.00 20-02-2026 339.470954 BIJ 50977 03/10/2026 Books

Maintained and Designed by
2cqr automation private limited, Chennai. All Rights Reserved.

You are Visitor Number

PHP Hits Count